| 000 | 00841nam a2200253 a 4500 | ||
|---|---|---|---|
| 001 | 70165 | ||
| 003 | BD-RjUL | ||
| 005 | 20211209081954.0 | ||
| 008 | 170416s1970 enka 001 0 eng d | ||
| 035 | _a(BD-RjUL)70377 | ||
| 040 |
_aAPLS _beng _cAPLS _dAUC _dANL |
||
| 041 | _aeng | ||
| 082 | 0 | 4 |
_a661 _223 _bSAI 1970 |
| 100 | 1 |
_aSamuel, D. M. _q(Dilwyn Morgan) _9207799 |
|
| 245 | 1 | 0 |
_aIndustrial chemistry - inorganic / _c D. M. Samuel. |
| 250 | _a2nd ed. | ||
| 260 |
_aLondon : _bRoyal Institute of Chemistry, _c1970. |
||
| 300 |
_avii,167p : _bill. ; _c22cm. |
||
| 650 | 0 |
_aChemistry, Technical. _9163507 |
|
| 650 | 0 |
_aChemistry, Inorganic. _9117207 |
|
| 830 |
_aRoyal institute of Chemistry Monographs for teachers ; _vno.10 _9207800 |
||
| 942 |
_2ddc _cBK |
||
| 999 |
_c70165 _d70165 |
||